| 000 | 03084cam a22004815i 4500 | ||
|---|---|---|---|
| 999 |
_c27112 _d27084 |
||
| 001 | 013188214 | ||
| 003 | Uk | ||
| 005 | 20190211115551.0 | ||
| 008 | 981120s 2007enka frf 001 0 eng d | ||
| 015 |
_aGBA537491 _2bnb |
||
| 016 | 7 |
_a013188214 _2Uk |
|
| 020 | _a9780470021774 (v. 9) | ||
| 020 | _a0470021772 (v. 9) | ||
| 040 |
_aUk _beng _cUk _dUk _dEG-ScBUE |
||
| 082 | 0 | 4 |
_a547.2 _222 _bHAN |
| 245 | 0 | 0 |
_aHandbook of reagents for organic synthesis : _bfluorine-containing reagents / _cedited by Leo A. Paquette. |
| 264 | 1 |
_aWest Sussex, England : _bJohn Wiley & Sons Ltd, _cc.2007. |
|
| 300 |
_axi, 712 pages : _billustrations ; _c29 cm. |
||
| 336 |
_atext _2rdacontent |
||
| 337 |
_aunmediated _2rdamedia |
||
| 338 |
_avolume _2rdacarrier |
||
| 504 | _aIncludes bibliographical references and indexes. | ||
| 505 | 1 | _a[1]. Reagents, auxiliaries, and catalysts for C-C bond formation / edited by Robert M. Coates and Scott E. Denmark -- [2]. Oxidizing and reducing agents / edited by Steven D. Burke and Rick L. Danheiser -- [3]. Acidic and basic reagents / edited by Hans J. Reich and James H. Rigby -- [4]. Activating agents and protecting groups / edited by Anthony J. Pearson and William R. Roush -- [5]. Chiral reagents for asymmetric synthesis / edited by Leo A. Paquette -- [6]. Reagents for high-throughput solid-phase and solution-phase organic synthesis / edited by Peter Wipf -- [7]. Reagents for glycosides, nucleotide and peptide synthesis / edited by David Crich -- [8]. Reagents for direct functionalization of C-H bonds /edited by Philip L. Fuchs -- [9]. Fluorine-containing reagents / edited by Leo A. Paquette -- [10]. Catalyst components for coupling reactions / edited by Gary Molander -- [11]. Reagents for radical and radical ion chemistry / edited by David Crich -- [12]. Sulfur-containing reagents -- [13]. Reagents for silicon-mediated organic synthesis / edited by Philip L. Fuchs -- [14]. Catalytic oxidation reagents / edited by Philip L. Fuchs. | |
| 650 | 7 |
_aChemical tests and reagents. _2BUEsh _941976 |
|
| 650 | 7 |
_aOrganic compounds _xSynthesis. _2BUEsh _941977 |
|
| 653 |
_bENGCHE _cFebruary2019 |
||
| 740 | 0 | 2 | _aReagents, auxiliaries, and catalysts for C-C bond formation. |
| 740 | 0 | 2 | _aOxidizing and reducing agents. |
| 740 | 0 | 2 | _aAcidic and basic reagents. |
| 740 | 0 | 2 | _aActivating agents and protecting groups. |
| 740 | 0 | 2 | _aChiral reagents for asymmetric synthesis. |
| 740 | 0 | 2 | _aReagents for high-throughput solid-phase and solution-phase organic synthesis. |
| 740 | 0 | 2 | _aReagents for glycosides, nucleotide and peptide synthesis. |
| 740 | 0 | 2 | _aReagents for direct functionalization of C-H bonds. |
| 740 | 0 | 2 | _aFluorine-containing reagents. |
| 740 | 0 | 2 | _aCatalyst components for coupling reactions. |
| 740 | 0 | 2 | _aReagents for radical and radical ion chemistry. |
| 740 | 0 | 2 | _aSulfur-containing reagents. |
| 740 | 0 | 2 | _aReagents for silicon-mediated organic synthesis. |
| 740 | 0 | 2 | _aCatalytic oxidation reagents. |
| 856 | 4 |
_3Table of Contents _uhttp://www.loc.gov/catdir/toc/onix05/98053088.html |
|
| 942 |
_2ddc _cBB |
||